Κατάλογος Βιβλιοθηκών Mediterranean College

Αθλητιατρική. (Record no. 8248)

MARC details
000 -LEADER
fixed length control field 02494cam a22002294a 4500
005 - ΗΜΕΡΟΜΗΝΙΑ ΚΑΙ ΩΡΑ ΤΕΛΕΥΤΑΙΑΣ ΕΝΗΜΕΡΩΣΗΣ
Πεδίο ελέγχου 20250605164331.0
008 - FIXED-LENGTH DATA ELEMENTS--GENERAL INFORMATION
Πεδίο ελέγχου σταθερού μήκους 250528s ||||||||||||||||||||||||d
035 ## - SYSTEM CONTROL NUMBER
System control number 23219
020 ## - ISBN
ISBN 9789603990965
040 ## - ΠΗΓΗ ΚΑΤΑΛΟΓΟΓΡΑΦΗΣΗΣ
Φορέας πρωτότυπης καταλογογράφησης MC Athens Campus Library
Γλώσσα καταλογογράφησης Ελληνικά, Μοντέρνα (1453-)
Modifying agency MC Athens Campus Library
Κανόνες περιγραφικής καταλογογράφησης AACR2
245 1# - ΤΙΤΛΟΣ ΚΑΙ ΔΗΛΩΣΗ ΥΠΕΥΘΥΝΟΤΗΤΑΣ
Τίτλος Αθλητιατρική.
Number of part/section of a work Τόμος I
260 ## - PUBLICATION, DISTRIBUTION, ETC.
Name of publisher, distributor, etc. Π.Χ Πασχαλίδης,
Date of publication, distribution, etc. 2002
300 ## - PHYSICAL DESCRIPTION
Extent 504
520 ## - SUMMARY, ETC.
Summary, etc. Το παρόν βιβλίο θα αποτελέσει αναμφισβήτητα ένα απαραίτητο βοήθημα για όλους τους γιατρούς που αντιμετωπίζουν αθλητές και αθλούμενους. Είναι επίσης ένα σημείο αναφοράς για τις σχετικές παραϊατρικές ειδικότητες ( φυσικοθεραπευτές, προπονητές, νοσηλευτές κ.λπ.) Γενικές Αρχές Αθλητιατρικής, Ο Ρόλος της Αθλητιατρικής, Μύες και Φυσιολογία της Άσκησης, Σύνδρομα Υπέρχρησης (Καταπόνησης), Καρδιοαναπνευστικές Παθήσεις, Κακώσεις της Κεφαλής, Γαστρεντερικό Σύστημα, Επιπλοκές από το Γαστρεντερικό Σύστημα Οφειλόμενες σε Λήψη μη Στεροειδών Αντιφλεγμονωδών Φαρμάκων, Τραυματισμοί του Ουροποιογεννητικού, Προαγωνιστικός Έλεγχος, Επείγοντα στις Αθλοπαιδίες, Γυναίκα και Αθλητισμός, Συνήθεις Αθλητικές Κακώσεις, Επούλωση του Τραύματος, Δερματολογικές Παθήσεις στον Αθλητισμό, Τραύματα Οφθαλμού, Κρανιοπροσωπικές Κακώσεις, Οδοντικοί Τραυματισμοί, Ωτορινολαρυγγολογία, Αυχενική Μοίρα Σπονδυλικής Στήλης και Νωτιαίος Μυελός και Βραχιόνιο Πλέγμα, Η Θωρακική και η Οσφυϊκή Μοίρα ΣΣ, Ώμος, Αγκώνας και Αντιβράχιο, Ο Καρπός, Το Χέρι.
700 1# - ΠΡΟΣΘΕΤΗ ΑΝΑΓΡΑΦΗ--ΦΥΣΙΚΟ ΠΡΟΣΩΠΟ
Personal name Bruno Peter J
9 (RLIN) 8799
700 1# - ΠΡΟΣΘΕΤΗ ΑΝΑΓΡΑΦΗ--ΦΥΣΙΚΟ ΠΡΟΣΩΠΟ
Personal name Mccann Peter D
9 (RLIN) 8800
700 1# - ΠΡΟΣΘΕΤΗ ΑΝΑΓΡΑΦΗ--ΦΥΣΙΚΟ ΠΡΟΣΩΠΟ
Personal name Scuderi Giles R
9 (RLIN) 8801
700 1# - ΠΡΟΣΘΕΤΗ ΑΝΑΓΡΑΦΗ--ΦΥΣΙΚΟ ΠΡΟΣΩΠΟ
Personal name Μπαλτόπουλος Παν
9 (RLIN) 8802
942 ## - ADDED ENTRY ELEMENTS (KOHA)
Koha item type Books
Holdings
Τύπος τεκμηρίου Βιβλιοθήκη Τρέχουσα τοποθεσία Barcode Αριθμός εισαγωγής Ημερομηνία απόκτησης Ταξιθετικό σύμβολο Αριθμός αντιτύπου Κατάσταση απόσυρσης Κατάσταση χαμένου Κατάσταση κατεστραμμένου Μη δανεισμός Σύνολο δανεισμών Ημερομηνία τελευταίας εμφάνισης Η τιμή ισχύει από
Books MC Athens Campus Library MC Athens Campus Library 9780000082473 7590 05/06/2025 REF 617.1027 SCU V.I 1           05/06/2025 05/06/2025

MC Athens Campus Library
Πατησίων 94 & Κοδριγκτώνος 13, 104 34
Πελλήνης 8 & Πατησίων 107, 112 51
Τ: +30 210 8899600

MC Thessaloniki Campus Library
Ίωνος Δραγούμη 21, 54625 | Ίωνος Δραγούμη 15, 54625
Τ: +30 2310 287779 – Τ: +30 2314 440300